Engineering mechanics. : V.2 : Dynamics /
This book is divided into two parts: Dynamics of particles; and Dynamics of rigid bodies.
সংরক্ষণ করুন:
| প্রধান লেখক: | |
|---|---|
| অন্যান্য লেখক: | |
| বিন্যাস: | গ্রন্থ |
| ভাষা: | English |
| প্রকাশিত: |
New York :
John Wiley and Sons,
1998.
|
| সংস্করন: | 4th ed. |
| বিষয়গুলি: | |
| ট্যাগগুলো: |
ট্যাগ যুক্ত করুন
কোনো ট্যাগ নেই, প্রথমজন হিসাবে ট্যাগ করুন!
|
| Thư viện lưu trữ: | Mạng thư viện Đại học Đà Nẵng |
|---|
| LEADER | 01327cam a2200421 i 4500 | ||
|---|---|---|---|
| 001 | 000048803 | ||
| 003 | 8529 | ||
| 005 | 20051111141459.0 | ||
| 008 | 010324b1998 vm 000 eng | ||
| 020 | |a 0471241679 | ||
| 040 | |a IRC |c IRC |d IRC | ||
| 041 | 0 | |a eng | |
| 082 | 1 | 4 | |a 620.1 |b ME-J |
| 100 | 1 | |a Meriam, J. L. |q (James L.) | |
| 245 | 0 | 4 | |a Engineering mechanics. : |b V.2 : |p Dynamics / |c J. L. Meriam, L. G. Kraige. |
| 250 | |a 4th ed. | ||
| 260 | |a New York : |b John Wiley and Sons, |c 1998. | ||
| 300 | |a 725 p. ; |c 23cm. | ||
| 520 | 3 | |a This book is divided into two parts: Dynamics of particles; and Dynamics of rigid bodies. | |
| 630 | 0 | 4 | |a Engineering. |
| 630 | 0 | 4 | |a Mechanics. |
| 630 | 0 | 4 | |a Dynamics. |
| 630 | 0 | 4 | |a Applied. |
| 650 | 0 | 4 | |a Dynamics. |
| 650 | 0 | 4 | |a Mechanics, Applied. |
| 700 | 1 | |a Kraige, L. G. | |
| OWN | |a DUT | ||
| AVA | |a UDN50 |b DUT |c Book |d 620.1 ME-J |e available |t Error 5001 Not defined in file expand_doc_bib_avail. |f 1 |g 0 |h N |i 0 |j SH |k 1 | ||
| 999 | |a From the UDN01 | ||
| AVA | |a UDN50 |b DUT |c Book |d 620.1 ME-J |e available |t Error 5001 Not defined in file expand_doc_bib_avail. |f 1 |g 0 |h N |i 0 |j SH |k 1 | ||
| TYP | |a Monograph | ||
| TYP | |a Printed language | ||
| 980 | |a Mạng thư viện Đại học Đà Nẵng | ||


